000 00997nam a2200277 i 4500
001 bg
003 BPK
005 20200425175342.0
008 981026s1985 pl a f |000 0 pol
015 _aPB 1986/79
020 _a8309007760
020 _a8309007078
040 _aWA N
_cBPK
041 0 _apol
080 _a631.3
080 _a(075.3)
245 0 0 _aEksploatacja maszyn rolniczych :
_bpodręcznik dla techników mechanizacji rolnictwa.
_nT. 1 /
_cJózef Kuczewski, Zbigniew Majewski.
260 _aWarszawa :
_bPańst. Wydaw. Rolnicze i Leśne,
_c1983.
300 _a213, [3] s. :
_brys., wykr. ;
_c24 cm.
650 4 _aMaszyny i narzędzia rolnicze
_xobsługa i eksploatacja.
655 4 _aPodręczniki dla szkół zawodowych
700 1 _aMajewski, Zbigniew
_c(nauki rolnicze).
700 1 _aKuczewski, Józef
_d(1925-2002)
_eAutor
856 _uhttp://koha.tu.koszalin.pl/cgi-bin/koha/opac-detail.pl?biblionumber=1887
_yKatalog online BPK
942 _2UKD
_cKS
999 _c1887
_d1887